000
00323 a2200121 4500
005
20240408163407.0
008
240408b |||||||| |||| 00| 0 eng d
020
_a
9788184955200
100
_a
Okawa R.
_9
113445
245
_a
यशाचे सिद्धांत
260
_b
Jaico Publishing House
_c
2014
942
_c
BK
999
_c
357206
_d
357206